LEADER 01684nas a2200301 i 4500 001 000000201169 003 CaOOAMICUS 005 20110421000000.0 008 110415b2008 sz uu u0 0mul r 013 $a179870 020 $a978-3-7278-1633-8 040 $aSeMil$bita 245 10$aLiturgie verstehen :$bAnsatz, Ziele und Aufgaben der Liturgiewissenschaft /$cherausgegeben von Martin Klöckener, Benedikt Kranemann und Angelus A. Häußling ; unter Mitarbeit von Stefan K. Langenbahn. 260 $aFribourg :$bAcademic Press,$c2008. 300 $a490 p. ;$c24 cm. 500 $aContiene : Erschliessung des Inhalts der Bande und Jahrgänge 1-50 (1950-2008). - Articoli con sintesi in tedesco [Zusammenfassung], in francese [Résumé] e in inglese [Summary] in coda. 700 1 $aKlöckener, Martin,$d<1955- >.$0(OLS)http://semarc/name/89620 700 1 $aLangenbahn, Stefan K.$0(OLS)http://semarc/name/72718 700 1 $aKranemann, Benedikt,$d<1959- >.$0(OLS)http://semarc/name/89621 700 1 $aHäußling, Angelus Albert,$c.$0(OLS)http://semarc/name/89619 773 0 $tArchiv für Liturgiewissenschaft.$dRegensburg : Friedrich Pustet, 1950.$x0066-6386$w()1898 774 0 $t[vedi periodico].$w()275171 850 $aSeMil 852 $aSeMil$W1$xVenegono$y1$m154 2 28$j151695$B151695$CSeMilBibl$Z2$F162892 $85 961 $aAcquisto: Schmidt Periodicals [distributore] 996 $6020$a978-3-7278-1633-8$9(OLS)http://semarc/number/193802 996 $6245$aLiturgie verstehen :$bAnsatz, Ziele und Aufgaben der Liturgiewissenschaft$9(OLS)http://semarc/title/291072 996 $6260$aFribourg :$bAcademic Press$9(OLS)http://semarc/publisher/34196 LEADER 01224nam a2200289 i 4500 001 000000125052 003 CaOOAMICUS 005 20051121000000.0 008 051121s1996 it u000 u ita u 013 $a97750 020 $a88-04-40977-0 040 $aSeMil$bita 100 1 $aLevi, Ricardo Franco.$0(OLS)http://semarc/name/51968 245 13$aIl Professore :$bRomano Prodi : dall'Iri all'Ulivo : un progetto per l'Italia /$cRicardo Franco Levi. 260 $aMilano :$bArnoldo Mondadori Editore,$cCopyr. 1996. 300 $a257 p. ;$c19 cm. 490 0 $aPiccole frecce 500 $aFondo Card. C.M. Martini. 650 4$aProdi, Romano.$0(OLS)http://semarc/subject/24272 830 0$aPiccole frecce [Arnoldo Mondadori].$0(OLS)http://semarc/title/19580 850 $aSeMil 852 $aSeMil$W1$xVenegono$y1$m3N I 563$j79551$B79551$CSeMilBibl$Z2$F106223 $81 941 1 $a4 961 $aOmaggio: Martini Card. Carlo Maria 996 $6020$a88-04-40977-0$9(OLS)http://semarc/number/110926 996 $6245$aIl Professore :$bRomano Prodi : dall'Iri all'Ulivo : un progetto per l'Italia$9(OLS)http://semarc/title/184135 996 $6260$aMilano :$bArnoldo Mondadori Editore$9(OLS)http://semarc/publisher/30056